Palladio

Αποθηκεύτηκε σε:
Λεπτομέρειες βιβλιογραφικής εγγραφής
Κύριος συγγραφέας: Ackerman, James S.
Μορφή: Βιβλίο
Γλώσσα:English
Δημοσίευση: Middlesex, England : Penguin Books, 1981
Σειρά:Architect and society
Θέματα:
Ετικέτες: Προσθήκη ετικέτας
Δεν υπάρχουν, Καταχωρήστε ετικέτα πρώτοι!

MARC

LEADER 00000cam a2200000 i 4500
001 1/14676
008 110823s1981 eng d
020 |a 0-1402-0845-3 
035 |l 10110672 
040 |a GR-MY-UA  |b gre  |e aacr 
041 0 |a eng 
082 0 |a 720.92  |2 (22) 
100 1 |a Ackerman, James S. 
245 1 0 |a Palladio /  |c by James S. Ackerman 
260 |a Middlesex, England :   |b Penguin Books,   |c 1981 
300 |a 196 σ.;  |b εικ.;  |c 20 εκ. 
490 1 |a The architect and society 
504 |a Βιβλιογραφία: σ. 187-192 
600 1 0 |a Palladio Andrea  |d 1508-1580. 
830 0 |a Architect and society 
852 |a INST  |b SYROS  |e 20110823  |h 720.92 ACK  |p 005500009695  |q 005500009695  |t BK  |y 0 
901 |a BIBL5-2011-2 
909 |a Ε  |b 169595 
970 |a ΚΟΝΤΟΥ  |b ΠΑΡΑΣΚΕΥΗ  |z 2011/08/23